| 000 | 00852nam0a22002531 4500 | ||
|---|---|---|---|
| 001 | rc\891917 | ||
| 005 | 20250622032721.0 | ||
| 035 | _a(NLR Aleph) 006068347 | ||
| 090 |
_a4977925 _c4977925 |
||
| 100 | _a20041129d1983 |||y0rusy50 ca | ||
| 101 | 0 |
_arus _alit |
|
| 102 | _aRU | ||
| 105 | _aa ||||||||| | ||
| 200 | 1 |
_aКаунасский мясокомбинат _e[Фотоальбом] _f[Фот. Р. Даунораса _gСост. Р. Жямайтис] |
|
| 210 |
_aКаунас _cШвиеса _d1983 |
||
| 215 |
_a[21] с. _cцв. ил. _d20х24 |
||
| 300 | _aПарал. загл. на лит. яз. | ||
| 300 | _aТекст парал. на рус. и лит. яз. | ||
| 702 | 1 |
_aЖямайтис _bР. _gРомас _4220 |
|
| 801 | 0 |
_aRU _bNLR _gpsbo |
|
| 801 | 1 |
_aRU _bELAR _2rusmarc |
|
| 852 |
_aNLR _bЭ _jАлТ63/2-К300 |
||
| 942 | _cBOOK | ||
| 980 | _aNB | ||